Prueba de Memoria Visual - Países en un Mapa del Mundo - Estadísticas

Estadísticas generales
  • Esta prueba ha sido intentada 5.562 veces
  • La puntuación promedio es 9 de 15
Respuestas en el mapa
Las respuestas están codificadas por una escala verde-roja en el mapa de la prueba según el % correcto abajo.
 
Estadísticas de respuestas
País % Correcto
Estados Unidos
98%
Canadá
97%
Rusia
95%
México
90%
Brasil
89%
España
86%
China
85%
Dinamarca
85%
Argentina
84%
Francia
82%
Perú
79%
Chile
78%
Venezuela
78%
Colombia
76%
Bolivia
75%
Noruega
74%
Suecia
74%
Australia
72%
Ecuador
72%
India
72%
Italia
72%
Paraguay
72%
Bahamas
71%
Portugal
71%
Reino Unido
71%
Uruguay
70%
Alemania
69%
Islandia
68%
Sudáfrica
68%
Argelia
67%
Finlandia
67%
Guyana
67%
Kazajistán
67%
Guatemala
65%
Japón
65%
Mongolia
65%
Polonia
65%
Ucrania
65%
Indonesia
64%
Irlanda
64%
Suiza
64%
Surinam
64%
Cuba
63%
Honduras
63%
Egipto
62%
Kiribati
62%
Nicaragua
62%
República Democrática del Congo
62%
Cabo Verde
61%
Mali
61%
Austria
60%
Bélgica
60%
Marruecos
60%
Níger
60%
República Checa
60%
Turquía
60%
Chad
58%
Papúa Nueva Guinea
58%
Hungría
57%
Estonia
56%
Irán
56%
Letonia
56%
Lituania
56%
Maldivas
56%
Vietnam
56%
Eslovaquia
55%
Estados Federados de Micronesia
55%
Mauritania
55%
Mozambique
55%
Nueva Zelanda
55%
Panamá
55%
Sudán
55%
Corea del Sur
54%
Tailandia
54%
Grecia
53%
Myanmar
53%
Países Bajos
53%
Pakistán
53%
República Centroafricana
53%
Bielorrusia
52%
Islas Salomón
52%
Laos
52%
Libia
52%
Madagascar
52%
Nigeria
52%
República Dominicana
52%
Rumanía
52%
Tanzania
52%
Croacia
51%
Nepal
51%
Angola
50%
Botsuana
50%
Bulgaria
50%
Filipinas
50%
Kirguistán
50%
Uzbekistán
50%
Arabia Saudita
49%
Bosnia y Herzegovina
49%
Burkina Faso
49%
Irak
49%
Moldavia
49%
Namibia
49%
Somalia
49%
Camerún
48%
Etiopía
48%
Islas Marshall
48%
Malasia
48%
Senegal
48%
Yemen
48%
Afganistán
47%
Corea del Norte
47%
Eritrea
47%
Gabón
47%
Palaos
47%
Tayikistán
47%
Zimbabue
47%
Seychelles
46%
Sudán del Sur
46%
Uganda
46%
Zambia
46%
Azerbaiyán
45%
Bangladés
45%
Benín
45%
Bután
45%
Camboya
45%
Mauricio
45%
Tonga
45%
Fiyi
44%
Omán
44%
República del Congo
44%
Samoa
44%
Serbia
44%
Túnez
44%
Turkmenistán
44%
Vanuatu
44%
Costa de Marfil
43%
Ghana
43%
Guinea
43%
Kenia
43%
Santo Tomé y Príncipe
43%
Siria
43%
Lesoto
42%
Liberia
42%
Comoras
41%
Georgia
41%
Malaui
41%
Tuvalu
41%
Taiwán
40%
Emiratos Árabes Unidos
39%
Nauru
38%
Sierra Leona
38%
Sri Lanka
38%
Jordania
37%
Armenia
35%
No se encontraron pruebas coincidentes
Distribución de puntuación
Porcentaje de gente con cada puntuación
Porcentaje por número respondido
Historial de tus puntuaciones
No has intentado esta prueba.